| 000 | 01848nam a22002897a 4500 | ||
|---|---|---|---|
| 001 | 1262 | ||
| 005 | 20240604144607.0 | ||
| 020 | _a9789996305450 | ||
| 040 |
_aFISKH _beng _cFISKH _dFISKH |
||
| 050 | _aPZ7 | ||
| 082 | _a551.567 | ||
| 100 | _aKunthearo, Prum | ||
| 245 |
_aភ្លីងភ្លុង / _cនិពន្ធដោយ ព្រុំ គន្ធារ៉ូ ; គូររូបដោយ សូ ចរិយា |
||
| 250 | _aបោះពុម្ពលើកទី៦ កញ្ញា ២០២១ | ||
| 260 |
_aPhnom Penh : _bSipar, _c2021. |
||
| 300 |
_a20 pages : _bcolor illustrations ; _c27 cm |
||
| 490 | _aតស់អាន ! | ||
| 505 | _aK | ||
| 520 | _aភ្លៀងចាប់ផ្ដើមស្រក់ ធ្វើឱ្យទូទូ មិនអាចចេញទៅលេងខាងក្រៅបាន។ ភ្លៀងបន្តស្រក់រហូតដល់លិចកាំជណ្ដើរទីបីផ្ទះរបស់ទូទូ ហើយក៏បានលេចចេញ នៅកូនទា កូនបាល់ពណ៍ខៀវ និងកូនផ្កាយពណ៍ក្រហម។ បន្ទាប់ពីភ្លៀងឈប់ស្រក់របស់ទាំងបីនោះក៏បានបាត់ទៅដែរ។ | ||
| 520 | _aThe rain began to fall, making it impossible for Tutu to go outside. The rain continued until it flooded the third staircase of Tutu's house and also appeared with the duckling, blue ball and red star. After the rain stopped, the three things also disappeared. | ||
| 521 |
_a510
_bLexile estimate |
||
| 521 |
_aK
_bRaz-Plus |
||
| 650 |
_aភ្លៀង _vលិច _xឈប់ |
||
| 650 |
_aRain _vFlood _xStop |
||
| 700 |
_aChakriya, Sou _cillustrator |
||
| 942 |
_2ddc _cBK _n0 |
||
| 999 |
_c1262 _d1262 |
||